000 004830000a22001810004500
020 _a958-631-118-X
041 0 _aSPA
082 0 4 _aG 370 F1999t
100 1 _aFandiño, Graciela
245 1 0 _aTendencias actuales en la educación / Graciela Fandiño C.
260 _aBogotá, Colombia : Univ. Santo Tomás
300 _a417 Pag
001 9843
942 _cBK
999 _c39687
_d39687
336 _atexto
_btxt
_2rdacontent
337 _2rdamedia
_asin mediación
_bn
338 _2rdacarrier
_avolumen
_bnc